000 00538cam a22001577a 4500
008 180718b1965 xxu||||| |||| 00| 0 eng d
082 _aT000 In7/37
245 _aPlanning of production in socialist industry; part II: Investigation of demand and market
_cby Institute of National Planning
260 _aCairo
_bInstitute of National Planning
_c1965
300 _a42p.
440 _aMemo, no.597
500 _aBound with T000/In7/34-40
650 _aConsumers
650 _aProduction Contorl
700 _aInstitute of National Planning
999 _c480052
_d480052